|
|
|
|
| LEADER |
00000cam a2200000 a 4500 |
| 020 |
|
|
|a 9241544813
|
| 040 |
|
|
|a MUL
|b eng
|e AACR
|
| 082 |
0 |
0 |
|a 363.1791 HEN
|
| 100 |
1 |
|
|a Henry, J. A.
|
| 245 |
1 |
0 |
|a Management of poisoning :
|b a handbook for health care workers /
|c J.A. Henry ang H.M. Wiseman.
|
| 260 |
|
|
|a Geneva :
|b WHO ,
|c c1997.
|
| 300 |
|
|
|a xiv, 315 p. :
|b ill. ;
|c 24 cm.
|
| 500 |
|
|
|a "Published by the World Health Organization in collaboration with the United Nations Environment Programme and the International Labour Organization".
|
| 500 |
|
|
|a Includes index.
|
| 546 |
|
|
|a eng.
|
| 650 |
|
0 |
|a Toxicological emergencies
|v Handbooks, manuals, etc.
|
| 650 |
|
0 |
|a Accidental poisoning
|v Handbooks, manuals, etc.
|
| 650 |
|
0 |
|a Medicine, Rural
|z Developing countries
|v Handbooks, manuals, etc.
|
| 700 |
1 |
|
|a Wiseman, H. M.
|
| 942 |
|
|
|c BK
|
| 999 |
|
|
|c 2316
|d 2316
|